000 00648nam a22001817a 4500
003 PILC
005 20150309075223.0
008 150309b xxu||||| |||| 00| 0 eng d
050 _aLC 4717.5
_b.Su955 2014
100 _aSumin, Kim.
245 _aUsing social stories to improve communication skill for children with autism /
_cKim. Sumin.
260 _aLas PiƱas City, Philippines :
_bSouthville International School and Colleges,
_cc2014.
300 _a54 pages :
_billustrations ;
_c28 cm.
521 _aSpecial Education
650 _aAutistic children
_xEducation.
650 _aAutistic children
_xMeans of communication.
942 _2lcc
_cTH
999 _c283744
_d283744